| 000 | | | 04068nmc2a2200000 x 450 |
| 001 | | | e352cf80-ccb3-4637-a10f-1d2e1d162a13 |
| 005 | | | 20170124174057.0 |
| 100 | ## | $a | 20140324l18811882k l0rusy0189 ca |
| 101 | 0# | $a | rus |
| 102 | ## | $a | RU |
| 200 | 1# | $a | Дело о выкупе земельных наделов временнообязанными крестьянами Е.А. Кривцовой села Алленского Болховского уезда Орловской губернии |
| | $j | 12 мая 1881 г. - 2 августа 1882 г. |
| 251 | ## | $c | Дело |
| 300 | ## | $a | Дело |
| 300 | ## | $a | Ориг. заголовок дела: Дело Кривцовой Е.А. Орловской губернии Болховского уезда села Алленского. 12 мая 1881 г. - 2 августа 1882 г |
| 801 | #0 | $a | RU |
| | $b | РГИА |
| | $c | 20140324 |
| | $g | RCR |
| 801 | #1 | $a | RU |
| | $b | ГлавНИВЦ |
| | $c | 20140324 |
| | $2 | rusmarc |
| 801 | #2 | $a | RU |
| | $b | ПБ им. Б.Н. Ельцина |
| | $c | 20170124 |
| | $g | RCR |
| | $2 | rusmarc |
| 850 | ## | $a | РГИА |
| 852 | ## | $a | РГИА |
| | $e | Федеральное казенное учреждение "Российский государственный исторический архив" (РГИА) |
| | $j | 114 |
| 937 | ## | $h | РГИА |
| | $d | 11019558 |
| | $a | ASBIBLIO_SCAN |
| 462 | #0 | $1 | 0012327ab3a-0548-404e-b4cb-e37355ac5039 |
| | $1 | 2001 |
| | $a | 1863-1889 гг. |
| | $1 | 251 |
| | $c | Опись |
| | $1 | 852 |
| | $j | 26 |
| 461 | #0 | $1 | 0018ef30ad5-ff5c-4840-a721-74c62a200f95 |
| | $1 | 2001 |
| | $a | Главное выкупное учреждение Министерства финансов |
| | $1 | 251 |
| | $c | Фонд |
| | $1 | 852 |
| | $j | 577 |
| 215 | ## | $a | 52 л. |
| | $d | 36,5х26 см |
| 371 | ## | $a | Документ не является опубликованным и широко распространяемым |
| 105 | ## | $a | y### |
| 122 | 2# | $a | d |
| 517 | 1# | $a | Дело Кривцовой Е.А. Орловской губернии Болховского уезда села Алленского. 12 мая 1881 г. - 2 августа 1882 г. |
| 035 | ## | $a | e352cf80-ccb3-4637-a10f-1d2e1d162a13 |
| 856 | ## | $u | http://readingroom.main.prlib.ru/item.aspx?id_node=n94845054&mode=full |